Score 0/24 Timer 03:00
0 Plays Today
Question and Number Actual is Over or Under % Correct
Signs of the Zodiac: 8???
86.7%
Scoops of raisins in Raisin Bran box: 1???
85.4%
# of Rice Krispies spokeselves: 5???
82%
Dirty words (original) from George Carlin: 10???
81.2%
Stars in the Subaru logo: 12???
77.7%
Justin Bieber Twitter followers: 75 million???
74%
Bill Cosby comedy albums: 33???
70.3%
U.S. National Parks: 50???
68.7%
Elizabeth Taylor marriages: 6???
68.2%
Bob Hope Oscar hosting gigs: 25???
66.9%
Ivory soap purity, per ad campaign: 91.4%???
65.1%
Grauman's theatre footprints: 125???
63.7%
Question and Number Actual is Over or Under % Correct
Year of first Batman comic appearance: 1955???
63%
Lex Luthor comics appearances: 126???
60.3%
'Lullaby of Broadway' street: 22nd???
60.1%
Broadway performances of Les Mis: 9999???
57.9%
Length, in years, of Cats' Broadway run: 24???
46.6%
Charlie Brown TV specials: 17???
41.8%
Length, in years, of Calvin & Hobbes strip: 16???
40%
Stephen Sondheim Tony Awards: 16???
39.6%
John Lennon 'Rolling Stone' covers: 23???
37.6%
$ of bet between Sky and Nathan Detroit: $5k???
37.4%
Colors in Joseph's technicolor dreamcoat: 15???
36.2%
Rodgers & Hammerstein musicals: 16???
31.9%
Remove Ads.
Support Sporcle.
Get the best of Sporcle when you Go Orange. This ad-free experience offers more features, more stats, and more fun while also helping to support Sporcle. Thank you for becoming a member.

You're not logged in!

Compare scores with friends on all Sporcle quizzes.
OR
Log In

Sporcle TV

Today on Sporcle TV


Watch our educational content, quiz creation guides, and fun videos on Sporcle TV.

Show Comments

Extras

Top Quizzes Today


Score Distribution

Paid Content

Your Account Isn't Verified!

In order to create a playlist on Sporcle, you need to verify the email address you used during registration. Go to your Sporcle Settings to finish the process.

Report this User

Report this user for behavior that violates our Community Guidelines.

Details: